Analýza atribútov primárnej emisie dlhopisov diplomová práca

Na minha lista:
Detalhes bibliográficos
Autor principal: Rudášová, Zuzana
Autor Corporativo: Podnikovohospodárska fakulta EU so sídlom v Košiciach. Katedra finančného riadenia podniku
Outros Autores: Tkáč, Michal, 1958-
Formato: Livro
Idioma:eslovaco
Publicado em: Košice 2017
Tags: Adicionar Tag
Sem tags, seja o primeiro a adicionar uma tag!

MARC

LEADER 00000nbm a2200000 4500
001 0231575
005 20171121101242.2
041 0 |a slo 
044 |a SK 
245 1 0 |a Analýza atribútov primárnej emisie dlhopisov  |b diplomová práca  |c Zuzana Rudášová ; školiteľ: Michal Tkáč 
264 1 |a Košice  |c 2017 
300 |a 77 s. 
100 1 |a Rudášová, Zuzana 
700 1 |a Tkáč, Michal, 1958- 
710 2 |a Podnikovohospodárska fakulta EU so sídlom v Košiciach. Katedra finančného riadenia podniku